LIBRARY & INFORMATION CENTRE, KCAET, TAVANUR

ONLINE PUBLIC ACCESS CATALOGUE (OPAC)

School and community in the tropics / (Record no. 11800)

MARC details
000 -LEADER
fixed length control field 00454cam a2200181ua 4500
041 ## - LANGUAGE CODE
Language code of text/sound track or separate title eng
082 ## - DEWEY DECIMAL CLASSIFICATION NUMBER
Classification number 370.1931
Item number BAT/SC
100 ## - MAIN ENTRY--AUTHOR NAME
Personal name Batten, T R .
245 ## - TITLE STATEMENT
Title School and community in the tropics /
250 ## - EDITION STATEMENT
Edition statement 1 /
260 ## - PUBLICATION, DISTRIBUTION, ETC. (IMPRINT)
Place of publication London :
Name of publisher Oxford University Press ,
Year of publication 1963.
300 ## - PHYSICAL DESCRIPTION
Number of Pages 177 ; .
942 ## - ADDED ENTRY ELEMENTS (KOHA)
Koha item type Books
Holdings
Withdrawn status Lost status Damaged status Home library Current library Date acquired Cost, normal purchase price Full call number Accession Number Koha item type Public note
Withdrawn     KAUAET Sanskrit University 07/04/2012 15.00 370.1931 7860 Books Transferred to Sanskrit University
free website counter